| 000 | 00709cam a2200265 4500500 | ||
|---|---|---|---|
| 005 | 20260405002652.0 | ||
| 041 | _afre | ||
| 042 | _adc | ||
| 100 | 1 | 0 |
_aNicolas, Ariane _eauthor |
| 245 | 0 | 0 | _aRepérages/Avril 2018 |
| 260 | _c2018. | ||
| 500 | _a81 | ||
| 690 | _aAfrique | ||
| 690 | _aEmpathie | ||
| 690 | _aEspace | ||
| 690 | _aGuillermo del Toro | ||
| 690 | _aHusserl | ||
| 690 | _aJeunesse | ||
| 690 | _aMajorité | ||
| 690 | _aMajorité numérique | ||
| 690 | _aMars | ||
| 690 | _aTerre | ||
| 786 | 0 | _nPhilosophie magazine | 118 | 4 | 2018-04-01 | p. 4-5 | 1951-1787 | |
| 856 | 4 | 1 | _uhttps://shs.cairn.info/magazine-philosophie-magazine-2018-4-page-4?lang=fr&redirect-ssocas=7080 |
| 999 |
_c2059912 _d2059912 |
||